Economy & Business : Book of Abstracts 23rd International Conference

Saved in:
Bibliographic Details
Corporate Author: Economy & Business. International Conference
Format: Book
Language:English
Published: Burgas [Science Events] 2024
Edition:1st Edition
Subjects:
Tags: Add Tag
No Tags, Be the first to tag this record!

MARC

LEADER 00000nlm a2200000 4500
001 0304180
005 20240911120201.3
041 0 |a eng 
044 |a BG 
245 1 0 |a Economy & Business : Book of Abstracts  |b 23rd International Conference 
250 |a 1st Edition 
264 1 |a Burgas  |b [Science Events]  |c 2024 
300 |a 46 s. 
610 2 0 |a ekonomika 
610 2 0 |a podnikanie 
610 2 0 |a poisťovníctvo 
610 2 0 |a zamestnanosť 
610 2 0 |a kultúra podniková 
110 2 |a Economy & Business. International Conference